000 00356nam a22001217a 4500
040 _cHS
082 _a342
100 _aDEP SINATH ;ដិប​ស៊ីណាត
245 _aការពារសម្បត្តិធម្មជាតិ ; protection de la nature
260 _aRUA
_bដិប ស៊ីណាត
_c1994
300 _a44p;
942 _cKB
999 _c9575
_d9575